Schweizer Kantone mit gleichnamigem Hauptort - Statistiken

Allgemein
  • Dieses Quiz wurde 34 mal gespielt
  • Das Durchschnittsergebnis liegt bei 8 aus 12
Antwortstatistiken
Kanton % Korrekt
Zürich
93%
Bern
89%
Luzern
82%
St. Gallen
82%
Genf
79%
Freiburg
68%
Zug
64%
Schwyz
61%
Schaffhausen
57%
Solothurn
54%
Glarus
46%
Neuenburg
46%
Keine übereinstimmenden Quizze gefunden
Verteilung der Resultate
Anzahl Personen mit jedem Resultat
Perzentil nach korrekt beantworteten Fragen
Ihre Resultats-Entwicklung
Sie haben dieses Quiz noch nicht gespielt